{"text_format":"3","workbook":"xlsx","n_sheets":3,"sheets":["6-Roof","Finishes-Mezz","Project 3 budget-Michenga"],"not_rendered":{"defined_names":1},"read":"whole","date_system":"1900"}

{"sheet":"6-Roof","index":0,"n_rows":58,"n_cols":11,"rows_kept":58,"hidden":true}
[null,"ELEMENT No 06 - ROOF STRUCTURE AND COVERINGS",{"$nulls":5},"QTY","UNIT","RATE","TOTAL"]
[{"$nulls":9},"Tshs","Tshs"]
[null,"CORRUGATED OR TROUGHED ROOF SHEETING"]
[]
[null,"26 Gauge IT resincot roofing sheets as per manufacturer's specification"]
[]
[null,"Coverings; fixing to timber purlins at 375 mm general spacing"]
[null,"with proprietary screws"]
[]
["a",null,"generally; sloping not exceeding 45 degrees from horizontal",{"$nulls":4},0,"m2",{"v":30000,"d":"30,000.00"},{"$f":"+IF(H10<>\"\",H10*J10,\"\")","v":0}]
[]
[null,"Accessories, fixing with galvanized nails, nuts"]
[]
["b",null,"ridge and hip capping 320 mm girth",{"$nulls":4},0,"m",{"v":6500,"d":"6,500.00"},{"$f":"+IF(H14<>\"\",H14*J14,\"\")","v":0}]
[]
["c",null,"hip and hip capping 320 mm girth",{"$nulls":4},0,"m",{"$f":"J14","v":{"v":6500,"d":"6,500.00"}},{"$f":"+IF(H16<>\"\",H16*J16,\"\")","v":0}]
[{"$nulls":10},""]
["d",null,"valley gutter; 320 mm girth",{"$nulls":4},0,"m",{"$f":"J14","v":{"v":6500,"d":"6,500.00"}},0]
[{"$nulls":10},""]
[null,"CARPENTRY",{"$nulls":8},""]
[{"$nulls":10},""]
[null,"STRUCTURAL TIMBERS (PROVISIONAL)",{"$nulls":8},""]
[{"$nulls":10},""]
[null,"Pitch pine; structural Grade 1; treated",{"$nulls":8},""]
[{"$nulls":10},""]
[null,"Wall plates; plugged to masonry",{"$nulls":8},""]
[{"$nulls":10},""]
["e",null,"50 x 100 mm",{"$nulls":4},0,"m",{"v":2800,"d":"2,800.00"},0]
[{"$nulls":10},""]
[null,"Rafters and bearers in trusses",{"$nulls":8},""]
[{"$nulls":10},""]
["f",null,"50 x 150 mm",{"$nulls":4},0,"m",{"v":3900,"d":"3,900.00"},0]
[{"$nulls":10},""]
[null,"Ties and struts in trusses",{"$nulls":8},{"$f":"+IF(H34<>\"\",H34*J34,\"\")","v":""}]
[{"$nulls":10},{"$f":"+IF(H35<>\"\",H35*J35,\"\")","v":""}]
["g",null,"50 x 100 mm",{"$nulls":4},0,"m",{"v":2800,"d":"2,800.00"},{"$f":"+IF(H36<>\"\",H36*J36,\"\")","v":0}]
[]
[null,"Purlins",{"$nulls":8},{"$f":"+IF(H38<>\"\",H38*J38,\"\")","v":""}]
[{"$nulls":10},{"$f":"+IF(H39<>\"\",H39*J39,\"\")","v":""}]
["h",null,"50 x 50 mm",{"$nulls":4},0,"m",{"v":1400,"d":"1,400.00"},{"$f":"+IF(H40<>\"\",H40*J40,\"\")","v":0}]
[{"$nulls":10},""]
[null,"Hips; cutting and fitting ends of rafters",{"$nulls":8},""]
[{"$nulls":10},""]
["i",null,"75 mm x 200 mm ",{"$nulls":4},0,"m",{"v":5000,"d":"5,000.00"},0]
[]
[null,"Mninga; selected",{"$nulls":8},{"$f":"+IF(H46<>\"\",H46*J46,\"\")","v":""}]
[{"$nulls":10},{"$f":"+IF(H47<>\"\",H47*J47,\"\")","v":""}]
[null,"Fascia boarding; butt joints",{"$nulls":8},{"$f":"+IF(H48<>\"\",H48*J48,\"\")","v":""}]
[{"$nulls":10},{"$f":"+IF(H49<>\"\",H49*J49,\"\")","v":""}]
["j",null,"19 thick x 225 mm wide; wrot hardwood",{"$nulls":4},{"v":0,"d":" 0"},"m",{"v":15000,"d":"15,000.00"},{"$f":"+IF(H50<>\"\",H50*J50,\"\")","v":0}]
[]
[{"$nulls":10},{"$f":"+IF(H52<>\"\",H52*J52,\"\")","v":""}]
[null,{"$f":"B1","v":"ELEMENT No 06 - ROOF STRUCTURE AND COVERINGS"},{"$nulls":8},{"$f":"+IF(H53<>\"\",H53*J53,\"\")","v":""}]
[null,"TO SUMMARY OF BILL No. 02",{"$nulls":7},"Tshs",0]
[]
[]
[{"$nulls":5},{"v":261,"d":"2 - 6 - 1"}]
[{"$nulls":10},{"$f":"+IF(H58<>\"\",H58*J58,\"\")","v":""}]

{"sheet":"Finishes-Mezz","index":1,"n_rows":495,"n_cols":9,"rows_kept":495,"hidden":true,"merged":[[90,2,91,3],[93,2,94,3]]}
[null,"ELEMENT No. 05 - FLOOR, WALL AND CEILING FINISHING",null,null,"QTY","UNIT","RATE","TOTAL"]
[{"$nulls":7},"US$"]
[null,"IN-SITU FINISHINGS"]
[]
[null,"Plaster; 12 mm first coat of cement and sand (1:5); 3 mm second coat of"]
[null,"cement lime putty (1:5); steel trowelled; internal"]
[]
[null,"15 mm two coat work; to concrete or blockwork base; generally to"]
[]
["a",null,"walls",null,15,"SM"]
[]
["a",null,"Columns",null,13,"SM"]
[]
[null,"Render; cement and sand (1:4); wood floated; external"]
[]
[null,"15 mm two coat work; to concrete or blockwork base; generally to"]
[]
["b",null,"walls",null,175,"SM"]
[]
["c",null,"columns",null,82,"SM"]
[]
[null,null,"ceilings",null,50,"SM"]
[]
[null,null,"canopy",null,20,"SM"]
[]
[null,"TILE, SLAB OR BLOCK FINISHING"]
[]
[null,"Carpet tiles; INTERFACE or equal approved NEXUS \"HEUGA 580\";"]
[null,"fixed with approved acrylic emulsion adhesive; internal"]
[]
[null,"500 x 500 mm; butt joints straight both ways; to cement and sand base;"]
[null,"generally to"]
[]
["c",null,"floors; level",null,47,"SM"]
[]
[null,"Ceramic tiles; by RAK CERAMICS or equal approved; unpolished"]
[null,"Gems collection GDP-105UPSG; fixing with Colacem adhesive; grouting with"]
[null,"Sellajunt coloured grout; internal"]
[]
[null,"300 x 300 x 8 mm; butt joints straight both ways; to cement and sand base;"]
[null,"generally to"]
[]
["d",null,"columns;",null,25,"SM"]
[]
[null,"600 x 600 x 12 mm; pattern as per specification; to cement and sand base;"]
[null,"generally to"]
[]
["e",null,"floors; level",null,95,"SM"]
[]
["f",null,null,"extra; nosing tiles",38,"LM"]
[]
["g",null,null,"extra; nosing tiles; curved",35,"LM"]
[]
[null,"600 x 80 x 12 mm; pattern as per specification; to cement and sand base;"]
[null,"generally to"]
[]
["h",null,"floors; level",null,null,"SM"]
[]
["i",null,"skirtings",null,91,"LM"]
[]
[null,"Ceramic tiles; B.S. 6431; imported; white; glazed; to regular pattern; bedding"]
[null,"and jointing in cement mortar (1:4); grouting joints with white cement; internal"]
[]
[null,"150 x 250 x 6 mm; butt joints straight both ways to"]
[null,"cement and sand base; generally to"]
[]
["c",null,"walls",null,15,"SM"]
[]
[]
[{"$nulls":5},"to collection US$"]
[]
[]
[{"$nulls":4},"QTY","UNIT","RATE","TOTAL"]
[null,"C tiles; Spanish brick light duty pavement or equal approved; code No. 64LD;",{"$nulls":5},"US$"]
[null,"grouting with sellajunt coloured grout; external"]
[]
[null,"410 x 410 x 20 mm; butt joints straight both ways; to cement and sand base;"]
[null,"generally to"]
[]
["c",null,"floor; level",null,61,"SM"]
[]
[null,"PLAIN SHEET FINISHINGS"]
[]
[null,"OWA - Impressions, S140a; or equal and approved suspended ceiling system;"]
[null,"300 x 1200 x 15 mm; Rilled 67; moisture resistant ceiling panels; white colour;"]
[null,"concealed suspension system; matching edge trim; wire hangers;"]
[null,"fixing to backgrounds requiring plugging"]
[]
[null,"Linings to form soffits"]
[]
["d",null,"ceilings; suspended maximum 1000 mm below slab, not exceeding 3.5 metre from the floor finish",null,144,"SM"]
[]
[]
["d",null,"ceilings; suspended maximum 1000 mm below slab, over 3.5 metre from the floor finish"]
[{"$nulls":4},155,"SM"]
[]
[null,"BEDS OR BACKINGS"]
[]
[null,"Mortar; cement and sand (1:4)"]
[]
[null,"28 mm one coat backings; screeded; to receive ceramic tiles; to concrete"]
[null,"base; generally to"]
[]
["e",null,"floors",null,{"$f":"E48","v":95},"SM"]
[]
[null,null,"walls",null,{"$f":"E67","v":15},"SM"]
[]
[null,"40 mm one coat backings; screeded; to receive carpet tiles; to concrete"]
[null,"base; generally to"]
[]
["f",null,"floors",null,{"$f":"E34","v":47},"SM"]
[]
[null,"Mortar; cement and sand (1:4)"]
[]
[null,"20 mm one coat backings; screeded; to receive C-tiles; to concrete base;"]
[null,"generally to"]
[]
["g",null,"floors",null,{"$f":"E80","v":61},"SM"]
[]
[null,"METAL WORKS"]
[]
[null,"Aluminium; GENESIS ESA12; or equal approved"]
[]
[null,"Flooring edge strip"]
[]
["a",null,"12 mm high",null,9,"LM"]
[]
[null,"METAL WORKS"]
[]
[null,"Aluminium; GENESIS ESA12; or equal approved"]
[]
[null,"Flooring edge strip"]
[]
["a",null,"12 mm high",null,null,"LM"]
[]
[]
[{"$nulls":5},"to collection US$"]
[]
[{"$nulls":4},"QTY","UNIT","RATE","TOTAL"]
[{"$nulls":7},"US$"]
[]
[]
[]
[{"$nulls":3},"COLLECTION"]
[]
[{"$nulls":3},"Page 01/5.1"]
[]
[{"$nulls":3},"Page 01/5.2"]
{"$rows_empty":57}
[null,"FLOOR, WALL, CEILING FINISHING AND DECORATING"]
[null,"TO SUMMARY OF BILL No. 01",{"$nulls":4},"US$"]
[]
[]
[]
[{"$nulls":4},"QTY","UNIT","RATE","TOTAL"]
[null,"ELEMENT No. 06 - PAINTING AND DECORATING",{"$nulls":5},"US$"]
[]
[null,"PAINTING AND DECORATING"]
[]
[null,"Note:- All paints colours shall conform to Architect's specifications"]
[{"$nulls":3},"All paint are as per GOLDSTAR or equal and approved manufacturers"]
[]
[null,"THREE COATS WASH N' WEAR SILK EMULSION"]
[]
[null,"Steel trowelled plastered surfaces; internal"]
[]
[null,"Walls"]
[]
["a",null,"over 300 mm wide",null,{"$f":"E10","v":15},"SM"]
[]
[null,"Columns"]
[]
["d",null,"over 300 mm wide",null,{"$f":"E12","v":13},"SM"]
[]
[null,"THREE COATS PVA BASED EMULSION PAINT"]
[]
[null,"Gypsum plasterboard surfaces; internal"]
[]
[null,"Partitions"]
[]
["b",null,"over 300 mm wide",null,null,"SM"]
[]
[null,"PREPARE AND APPLY TWO COATS POLYURETHANE MATT "]
[null,"FINISH VARNISH SEAL"]
[]
[null,"Wood surfaces; internal",{"$nulls":5},{"$f":"IF(G242<>\"\",G242/#REF!,\"\")","v":""}]
[{"$nulls":7},{"$f":"IF(G243<>\"\",G243/#REF!,\"\")","v":""}]
[null,"Frames or the like",{"$nulls":5},{"$f":"IF(G244<>\"\",G244/#REF!,\"\")","v":""}]
[{"$nulls":7},{"$f":"IF(G245<>\"\",G245/#REF!,\"\")","v":""}]
["f",null,"100 to 200 mm girth",null,null,"LM",null,null,{"$f":"H246*E246","v":0}]
[]
[null,"General surfaces"]
[]
["g",null,"over 300 mm girth",null,null,"SM",null,null,{"$f":"H250*E250","v":0}]
[{"$nulls":7},{"$f":"IF(G251<>\"\",G251/#REF!,\"\")","v":""}]
[null,"Handrails"]
[]
["h",null,"200 to 300 mm  girth",null,null,"LM"]
[]
[null,"Iron or steel surfaces; external"]
[]
[null,"Grilles or the like; measured flat overall; each side measured"]
[]
["a",null,"over 300 mm wide",null,null,"SM"]
[]
[null,"PREPARE SURFACE AND APPLY TWO COATS WEATHERGUARD"]
[null,"EMULSION PAINT"]
[]
[null,"Steel trowelled plastered surfaces; external"]
[]
[null,"Walls"]
[]
["b",null,"over 300 mm girth",null,{"$f":"E18","v":175},"SM"]
[]
[null,"Columns"]
[]
["c",null,"over 300 mm wide",null,{"$f":"E20","v":82},"SM"]
[]
[null,"Ceilings"]
[]
["d",null,"over 300 mm wide",null,{"$f":"E22","v":50},"SM"]
[]
[]
[{"$nulls":5},"to collection US$"]
[{"$nulls":3},"Page 01/6.1"]
[]
[{"$nulls":5},"UNIT","RATE","TOTAL"]
[{"$nulls":7},"US$"]
[null,"canopy"]
[]
["d",null,"over 300 mm wide",null,{"$f":"E24","v":20},"SM"]
[]
[null,"BUILDER'S WORK IN CONNECTION WITH ELECTRICAL AND"]
[null,"MECHANICAL INSTALLATIONS"]
[]
[null,"Allow for general builder's work, making of ways, hole and chases and making"]
[null,"good finishes to the foregoing electrical and mechanical installations to the"]
[null,"satisfaction of the Architect"]
[]
["e",null,"generally",null,null,"Item"]
[]
[]
[{"$nulls":5},"to collection US$"]
[]
[]
[]
[]
[{"$nulls":3},"COLLECTION"]
[]
[{"$nulls":3},"Page 01/6.1"]
[]
[{"$nulls":3},"Page 01/6.2"]
{"$rows_empty":42}
[null,"PAINTING AND DECORATING"]
[null,"TO SUMMARY OF BILL No. 01",{"$nulls":4},"US$"]
[]
[]
[]
[null,"GROUND FLOOR FIT-OUT"]
[]
[null,"SUMMARY OF BILL No. 01",{"$nulls":4},"Page","Total"]
[{"$nulls":7},"US$"]
[]
[]
[null,"a",null,"ELEMENT No. 01 - DEMOLITION",null,null,"01/1.1"]
[]
[null,"b",null,"ELEMENT No. 02 - INTERNAL DOORS AND PARTITIONS",null,null,"01/2.3"]
[]
[null,"c",null,"ELEMENT No. 03 - SHOP FRONT AND EXTERNAL DOORS",null,null,"01/3.2"]
[]
[null,"d",null,"ELEMENT No. 04 - TELLER UNITS",null,null,"01/4.6"]
[]
[null,"e",null,"ELEMENT No. 05 - FLOOR, WALL AND CEILING FINISHING",null,null," 01/5.3"]
[]
[null,"f",null,"ELEMENT No. 06 - PAINTING AND DECORATING",null,null," 01/6.2"]
[]
[null,"g",null,"ELEMENT No. 07 - ELECTRICAL INSTALLATIONS",null,null," 01/7.5"]
{"$rows_empty":37}
[null,"BILL No. 01 - GROUND FLOOR FIT-OUT"]
[null,"CARRIED TO GENERAL SUMMARY",{"$nulls":4},"US$"]
[]
[]
[{"$nulls":3},"Page 01/S1"]
{"$rows_empty":78}
[{"$nulls":3},0]

{"sheet":"Project 3 budget-Michenga","index":2,"n_rows":35,"n_cols":7,"rows_kept":35,"merged":[[6,0,8,0],[6,1,8,1],[9,0,20,0],[9,1,20,1],[21,0,23,0],[21,1,23,1],[25,0,28,0],[25,1,28,1],[30,0,33,0],[30,1,33,1]]}
[]
["Project 3_Budget"]
["For Sustainable WASH Interventions and Educational Support for Michenga Primary School"]
["No","Output","Description","Unit","Number","Unit price","Total"]
[null,null,"Implementation Activities",{"$nulls":3},{"$f":"SUM(G6:G24)","v":{"v":9467.7,"d":"€ 9,467.70"}}]
[1," Meeting with District officer in Ifakara and school Management","Inception meeting  with district education officer,school teacher and school committee(stationaries,transport and allowance) ","Days",3,{"v":264.73333333333335,"d":"€ 264.73"},{"$f":"E6*F6","v":{"v":794.2,"d":"€ 794.20"}}]
[2,"Improve academic performance ","Purchase of photocopy machine-cannon ","Pcs",1,{"v":950,"d":"€ 950.00"},{"$f":"E7*F7","v":{"v":950,"d":"€ 950.00"}}]
[null,null,"Purchase of computer","Pcs",1,{"v":874,"d":"€ 874.00"},{"$f":"E8*F8","v":{"v":874,"d":"€ 874.00"}}]
[null,null,"Transportation costs  ","trip",1,{"v":38,"d":"€ 38.00"},{"v":38,"d":"€ 38.00"}]
[3,"Increased access to safe water  and sanitation for  school children","Construction of Hand Washing Facilities(burnt bricks,cement,tiles,taps, labour )","lumpsum",1,{"v":828.4,"d":"€ 828.40"},{"$f":"E10*F10","v":{"v":828.4,"d":"€ 828.40"}}]
[null,null,"Materials Transportation costs ","lumpsum",1,{"v":38,"d":"€ 38.00"},{"$f":"E11*F11","v":{"v":38,"d":"€ 38.00"}}]
[null,null,"Field supervion costs   allowances for MSABI team)","person/day",5,{"v":30.4,"d":"€ 30.40"},{"v":152,"d":"€ 152.00"}]
[null,null,"Transportation costs  -  motorbike ","days",5,{"v":26.6,"d":"€ 26.60"},{"v":133,"d":"€ 133.00"}]
[null,null,"Rehabilitate and upgrading existing water point-Cleaning and  flushing of  existing Water point ","Number",1,{"v":345.42,"d":"€ 345.42"},{"v":345.42,"d":"€ 345.42"}]
[null,null,"Construction for tank tower 4.5M long -labour cost and  materials ","Lumpsum",1,{"v":1515.8200000000002,"d":"€ 1,515.82"},{"v":1515.8200000000002,"d":"€ 1,515.82"}]
[null,null,"labour and Plumbing Materials-Gate valve,IPS,coil pipe, polypipe,connector etc","Lumpsum",1,{"v":986.86,"d":"€ 986.86"},{"$f":"E16*F16","v":{"v":986.86,"d":"€ 986.86"}}]
[null,null,"Tank- 5000ltr","Pcs",1,{"v":361,"d":"€ 361.00"},{"v":361,"d":"€ 361.00"}]
[null,null,"Submersible water pump- 0.5/1HP","Pcs",1,{"v":114,"d":"€ 114.00"},{"v":114,"d":"€ 114.00"}]
[null,null,"Transport  of  materials","Lumpsum",1,{"v":76,"d":"€ 76.00"},{"v":76,"d":"€ 76.00"}]
[null,null,"Field  supervision cost ","person/day",1,{"v":152,"d":"€ 152.00"},{"v":152,"d":"€ 152.00"}]
[null,null,"Transportation costs  - Motorbike and fuel schools) ","days",1,{"v":133,"d":"€ 133.00"},{"v":133,"d":"€ 133.00"}]
[4,"Improved sanitation and hygiene practices for 900 children","Baseline site survey to ascertain level of WASH knowledge in  school -Field allowance,fuel and stationaries","days",1,{"v":361,"d":"€ 361.00"},{"v":361,"d":"€ 361.00"}]
[null,null,"SWASH sessions delivered across schools- IEC Materials posters, booklets, flyers, manuals, printed flags, Tshirt transport and allowances,  etc)","days",1,{"v":1463,"d":"€ 1,463.00"},{"v":1463,"d":"€ 1,463.00"}]
[null,null," Teachers Training materils and  allowances","days",1,{"v":152,"d":"€ 152.00"},{"v":152,"d":"€ 152.00"}]
[null,null,"Indirect Cost",{"$nulls":3},{"$f":"SUM(G26:G29)","v":{"v":266,"d":"€ 266.00"}}]
[4,"Administration cost","Communication","months",2,{"v":57,"d":"€ 57.00"},{"$f":"E26*F26","v":{"v":114,"d":"€ 114.00"}}]
[null,null,"Office space","months",2,{"v":38,"d":"€ 38.00"},{"$f":"E27*F27","v":{"v":76,"d":"€ 76.00"}}]
[null,null,"Utilities","months",2,{"v":19,"d":"€ 19.00"},{"v":38,"d":"€ 38.00"}]
[null,null,"Stationary","months",2,{"v":19,"d":"€ 19.00"},{"v":38,"d":"€ 38.00"}]
[null,null,"Personnel cost",{"$nulls":3},{"$f":"SUM(G31:G34)","v":{"v":1436.4,"d":"€ 1,436.40"}}]
[5,"Project team","Program Manager-  15%","months",2,{"v":171,"d":"€ 171.00"},{"$f":"E31*F31","v":{"v":342,"d":"€ 342.00"}}]
[null,null,"Project Manager-  20%","months",2,{"v":152,"d":"€ 152.00"},{"$f":"E32*F32","v":{"v":304,"d":"€ 304.00"}}]
[null,null,"Field Officer=  30% ","months",2,{"v":273.6,"d":"€ 273.60"},{"v":547.2,"d":"€ 547.20"}]
[null,null,"Finance & Administration Manager- 20% ","months",2,{"v":121.60000000000001,"d":"€ 121.60"},{"v":243.20000000000002,"d":"€ 243.20"}]
[null,"Grand Total",{"$nulls":4},{"$f":"G5+G25+G30","v":{"v":11170.1,"d":"€ 11,170.10"}}]